Mengele : anděl smrti z Osvětimi /
Příběh Josefa Mengeleho, neblaze proslulého Anděla smrti z koncentračního tábora Osvětim, založený na skutečných svědectvích.
Uloženo v:
| Hlavní autor: | |
|---|---|
| Další autoři: | |
| Médium: | E-kniha |
| Jazyk: | Czech |
| Vydáno: |
Praha :
Dobrovský s.r.o.,
2025
|
| Edice: | Kontrast
|
| Témata: | |
| Tagy: |
Žádné tagy |
| LEADER | 03984nam a2200841 i 4500 | ||
|---|---|---|---|
| 001 | 312657 | ||
| 003 | CZ PrSKC | ||
| 005 | 20260601215726.0 | ||
| 007 | ta | ||
| 008 | 250228s2025 xr g 000 fbcze | ||
| 015 | |a cnb003567482 | ||
| 020 | |a 9788027723362 |q (vázáno) : |c Kč 399,00 | ||
| 035 | |a (OCoLC)1519102390 | ||
| 040 | |a ABG001 |b cze |d OLA001 |e rda | ||
| 041 | 1 | |a cze |h pol | |
| 043 | |a e-gx--- |a e-pl--- | ||
| 045 | |a x1x7 | ||
| 072 | 7 | |a 821.162.1 |x Polská literatura |2 Konspekt | |
| 072 | 7 | |a 929 |x Biografie |2 Konspekt | |
| 080 | |a 821.162.1-31 |2 MRF | ||
| 080 | |a 329.17-051 |2 MRF | ||
| 080 | |a 341.322.5-051 |2 MRF | ||
| 080 | |a 343.819.5 |2 MRF | ||
| 080 | |a 616-092.6 |2 MRF | ||
| 080 | |a 323.28:329.17 |2 MRF | ||
| 080 | |a 343.412 |2 MRF | ||
| 080 | |a 929 |2 MRF | ||
| 080 | |a (430) |2 MRF | ||
| 080 | |a (438) |2 MRF | ||
| 080 | |a (0:82-312.6) |2 MRF | ||
| 100 | 1 | |a Czornyj, Maksymilian, |d 1989- |7 xx0270631 |4 aut | |
| 240 | 1 | 0 | |a Mengele. |l Česky |
| 245 | 1 | 0 | |a Mengele : |b anděl smrti z Osvětimi / |c Max Czornyj ; přeložil Martin Veselka |
| 264 | 1 | |a Praha : |b Dobrovský s.r.o., |c 2025 | |
| 300 | |a 217 stran ; |c 21 cm | ||
| 336 | |a text |b txt |2 rdacontent | ||
| 337 | |a bez média |b n |2 rdamedia | ||
| 338 | |a svazek |b nc |2 rdacarrier | ||
| 490 | 1 | |a Kontrast | |
| 500 | |a Přeloženo z polštiny | ||
| 520 | 2 | |a Příběh Josefa Mengeleho, neblaze proslulého Anděla smrti z koncentračního tábora Osvětim, založený na skutečných svědectvích. |b Josef Mengele byl nejen válečný zločinec, ale také šílenstvím posedlý rádoby badatel, který vězně z koncentračních táborů využíval jako materiál pro své bizarní pseudovědecké výzkumy. Záměrná nákaza virem, sešívání trupů více lidí, operace bez anestezie či vytrhávání plodu z lůna ženy. To bohužel není žádné hrůzostrašné sci-fi, ale pravdivý příběh. A navíc to není všechno - v Mengeleho „kariéře“ lze podobných zvrhlostí najít mnohem víc. Nakladatelská anotace. Kráceno. | |
| 546 | |a Český text | ||
| 600 | 1 | 7 | |a Mengele, Josef, |d 1911-1979 |7 xx0029939 |2 czenas |
| 610 | 2 | 7 | |a Osvětim (koncentrační tábor) |7 olak2003164504 |2 czenas |
| 648 | 7 | |a 1939-1945 |7 ch460653 |2 czenas | |
| 648 | 7 | |a 1933-1945 |7 ch500562 |2 czenas | |
| 648 | 4 | |a 1911-1979 | |
| 648 | 7 | |a 20. století |7 ch460558 |2 czenas | |
| 650 | 0 | 7 | |a nacisté |7 ph123153 |z Německo |2 czenas |
| 650 | 0 | 7 | |a váleční zločinci |7 ph127336 |z Německo |y 20. století |2 czenas |
| 650 | 0 | 7 | |a koncentrační tábory |7 ph121782 |z Polsko |y 1939-1945 |2 czenas |
| 650 | 0 | 7 | |a pokusy na lidech |7 ph124222 |z Německo |y 1933-1945 |2 czenas |
| 650 | 0 | 7 | |a zločiny nacismu |7 ph120356 |z Německo |y 1933-1945 |2 czenas |
| 650 | 0 | 7 | |a zločiny proti lidskosti |7 ph127646 |z Německo |y 1933-1945 |2 czenas |
| 650 | 0 | 9 | |a Nazis |z Germany |2 eczenas |
| 650 | 0 | 9 | |a war criminals |z Germany |y 20th century |2 eczenas |
| 650 | 0 | 9 | |a concentration camps |z Poland |y 1939-1945 |2 eczenas |
| 650 | 0 | 9 | |a experiments in men |z Germany |y 1933-1945 |2 eczenas |
| 650 | 0 | 9 | |a crimes of Nazism |z Germany |y 1933-1945 |2 eczenas |
| 650 | 0 | 9 | |a crimes against humanity |z Germany |y 1933-1945 |2 eczenas |
| 651 | 7 | |a Osvětim (Polsko) |7 ge307692 |2 czenas | |
| 651 | 9 | |a Oświęcim (Poland) |2 eczenas | |
| 655 | 7 | |a polské romány |7 fd133084 |2 czenas | |
| 655 | 7 | |a biografické romány |7 fd131905 |2 czenas | |
| 655 | 9 | |a Polish fiction |2 eczenas | |
| 655 | 9 | |a biographical novels |2 eczenas | |
| 700 | 1 | |a Veselka, Martin, |d 1987- |7 xx0164689 |4 trl | |
| 830 | 0 | |a Kontrast | |
| 900 | |a ABA001 |b 20 | ||
| 044 | |a xr | ||
| 910 | |a RBIT002 | ||
| 998 | |d 417632 |a https://core.palmknihy.cz/api/books/417632/cover?ssld8d |b https://core.palmknihy.cz/api/books/417632/cover/400?ssld8d |c https://core.palmknihy.cz/api/books/417632/cover/50?ssld8d |e 2028-02-23 |g 224 |i 9788027723362 |j https://core.palmknihy.cz/api/books/417632/preview.epub |k https://core.palmknihy.cz/api/books/417632/preview.pdf |l |q 49 |r 1 |s https://www.palmknihy.cz/kniha/417632 |t ebook |y 2025 |z 0 | ||
| 999 | |d 312655 | ||